Los pasados de la revolución : los múltiples caminos de la memoria revolucionaria /

Bibliographic Details
Main Author: Straehle, Edgar (Author)
Format: Electronic eBook
Language:Spanish
Published: Tres Cantos, Madrid, España : Akal, [2024]
Series:Reverso. Historia crítica ; 16.
Subjects:
Online Access:Digitalia Hispánica

MARC

LEADER 00000nam a2200000 i 4500
001 DIGAKAL0827
003 NyNyDIG
007 cr |||||||||||
008 250117s2024 sp a ob 000 0 spa d
006 m o d
035 |a (OCoLC)1476848587 
040 |a DGITA  |b eng  |e rda  |e pn  |c DGITA 
020 |a 9788446054337  |q eBook 
020 |z 9788446054320 
050 1 4 |a HM876 ebook 
100 1 |a Straehle, Edgar,  |e author. 
245 1 4 |a Los pasados de la revolución :  |b los múltiples caminos de la memoria revolucionaria /  |c Edgar Straehle. 
264 1 |a Tres Cantos, Madrid, España :  |b Akal,  |c [2024] 
300 |a 1 online resource :  |b illustrations. 
336 |a text  |b txt  |2 rdacontent 
337 |a computer  |b c  |2 rdamedia 
338 |a online resource  |b cr  |2 rdacarrier 
347 |a text file  |2 rdaft 
347 |b EPUB 
490 1 |a Akal / Reverso. Historia crítica ;  |v 16 
504 |a Includes bibliographical references. 
588 0 |a Online resource; title from ePub title page (Digitalia, viewed January 17, 2025) 
650 0 |a Revolutions  |x History. 
650 0 |a Revolutions  |x Philosophy. 
791 2 |a Digitalia (Firm),  |e distributor. 
793 0 |g Digitalia eBook Collection:  |a Akal 
776 0 8 |i Print version:  |a Straehle, Edgar.  |t Pasados de la revolución.  |d Tres Cantos, Madrid, España : Akal, [2024]  |z 9788446054320 
830 0 |a Reverso.  |p Historia crítica ;  |v 16. 
856 4 0 |3 Digitalia Hispánica  |u https://www.digitaliapublishing.com/a/158528/ 
910 |a Premium collection: 2025